Historia de la literatura española. tomo 3 /
Guardado en:
| Autor Principal: | |
|---|---|
| Formato: | Libro |
| Publicado: |
España :
G. Gili,
19601
|
| Edición: | 6a. ed. |
| Etiquetas: |
Agregar Etiqueta
Sin Etiquetas, Sea el primero en etiquetar este registro!
|
| LEADER | 00420nam a22001455a 4500 | ||
|---|---|---|---|
| 001 | CEM.cems006399 | ||
| 005 | 20060214000000.0 | ||
| 008 | 130507b######################000#0#####d | ||
| 003 | CEMS | ||
| 082 | 0 | 4 | |a 860.9 |
| 100 | 1 | |a Valbuena Prat, Angel | |
| 245 | 1 | 0 | |a Historia de la literatura española. tomo 3 / |
| 250 | |a 6a. ed. | ||
| 260 | |a España : |b G. Gili, |c 19601 | ||
| 859 | |a CEMS |b BIB. CEMS - 11 de abril |h 860.9 |i V249a6/III |p 4289.75 |t Ej.1 | ||
